USA for Africa artists - Statistics

General Stats
  • This quiz has been taken 74 times
  • The average score is 17 of 50
Answer Stats
Hint Answer % Correct
Soloist Michael Jackson
98%
Soloist Cyndi Lauper
90%
Soloist Bruce Springsteen
88%
Soloists Lionel Richie
84%
(in order of appearance) Stevie Wonder
84%
Soloist Bob Dylan
82%
Chorus Randy Jackson
78%
Soloist Ray Charles
76%
Soloist Diana Ross
69%
Soloist Tina Turner
67%
Soloist Huey Lewis
63%
Soloist Dionne Warwick
59%
Conductor Quincy Jones
59%
Soloist Willie Nelson
59%
Soloist Kenny Rogers
57%
Soloist Daryl Hall
55%
Soloist Steve Perry
55%
Soloist Paul Simon
53%
Soloist Kenny Loggins
49%
Soloist Kim Carnes
47%
Soloist Billy Joel
39%
Soloist Al Jarreau
35%
Chorus Dan Aykroyd
31%
Soloist James Ingram
24%
Chorus Bob Geldof
18%
Chorus Smokey Robinson
18%
Chorus La Toya Jackson
16%
Chorus Bette Midler
14%
Chorus John Oates
14%
Chorus Sheila E.
14%
Chorus Tito Jackson
14%
Chorus Harry Belafonte
12%
Chorus The Pointer Sisters
12%
Chorus Marlon Jackson
8%
Chorus Jeffrey Osborne
6%
Chorus Lindsey Buckingham
4%
Instrument Player David Paich
2%
Chorus Jackie Jackson
2%
Chorus Waylon Jennings
2%
Chorus Bill Gibson
0%
Chorus Chris Hayes
0%
Instrument Player Greg Phillinganes
0%
Instrument Player John Barnes
0%
Chorus Johnny Colla
0%
Instrument Player Louis Johnson
0%
Chorus Mario Cipolina
0%
Instrument Player Michael Boddicker
0%
Instrument Player Michael Omartian
0%
Instrument Player Paulinho da Costa
0%
Chorus Sean Hopper
0%
No matching quizzes found
Score Distribution
Percent of People with Each Score
Percentile by Number Answered
Your Score History
You have not taken this quiz